00519nam a2200157Ia 4500020001800000082001800018100001600036245009100052260004200143300001000185650002300195650005000218650002000268650003000288650004300318 a81-7054-325-0 a304.666 YAD-S aYadav, S.S; 0aSocial and psychological dimensions of contraceptive behaviour: the North South divide aNew DelhibClassical Publishingc2001 a175p. aIndia - Population aContraception - Psychological aspects - India aFamily planning aIndia - Population policy aBirth control - Social aspects - India